000 01653nam0a22003851 4500
001 RU\NLR\INFOCOMM_195\5000064660
005 20260406104620.0
035 _a(NLR Aleph) 009292942
090 _a9231408
_c9231408
100 _a20101006d1987 u y0rusy50 ca
101 1 _afre
102 _aRU
105 _aa ||||000|y
200 1 _aL'Ermitage
_e[Album
_fRéd. générale de B. Piotrovski, membre de l'Acad.
_gTrad. fr. de Dominique Maliarevitch-Millot et Olga Mandryka]
210 _aL.
_cAurora
_d1987
215 _a391 с.
_cил., цв. ил.
_d33 см
300 _aВ вып. дан.: Эрмитаж: Альбом
327 1 _aРазделы: Culture primitive.- Art antique.- Art de l'Orient.- Art d'Europe occidentale.- Culture russe.- Numismatique
464 0 _12001#$aCulture primitive
_tCulture primitive
464 0 _12001#$aArt antique
_tArt antique
464 0 _12001#$aArt de l'Orient
_tArt de l'Orient
464 0 _12001#$aArt d'Europe occidentale
_tArt d'Europe occidentale
464 0 _12001#$aCulture russe
_tCulture russe
464 0 _12001#$aNumismatique
_tNumismatique
606 _aИскусство
_yГос. Эрмитаж, Ленинград
_xСобрания
_2nlr_sh1
686 _aЩ103(0)л61
_2rubbk
686 _aЩ101.3(2Р)-2Л-д2Эрмитаж
_2rubbk
702 1 _4070
_8rus
_7ba
_aPiotrovskij
_bB. B.
_f1908-1990
_gBoris Borisovič
_3RU\NLR\auth\775178
_9115146
710 0 2 _4070
_aErmitage
_cLéningrad
_8fre
_7ba
_3RU\NLR\AUTH\883315
_9277861
790 1 _9z01702
_aPiotrovski
_bB.
_4340
801 0 _aRU
_bNLR
_gPSBO
801 1 _aRU
_bNLR
_c20101006
852 _aNLR
_jЭ АлИс134/2-Л452
942 _cBOOK
980 _aNB